Reprezentanci Polski w Piłce Nożnej w 2023 - Statystyki

Ogólne statystyki
  • Ten quiz został rozwiązany 112 razy
    90 od ostatniego zresetowania
  • Średni wynik to 19 z 37
Statystyki odpowiedzi
Podpowiedź Piłkarz Występy w rep. % Poprawnych
BRAMKARZ Wojciech Szczęsny 79
100%
NAPASTNIK Robert Lewandowski 146
95%
POMOCNIk Piotr Zieliński 86
92%
BRAMKARZ Łukasz Skorupski 9
88%
BRAMKARZ Marcin Bułka 1
88%
NAPASTNIK Arkadiusz Milik 72
87%
OBROŃCA Jan Bednarek 54
85%
OBROŃCA Jakub Kiwior 19
76%
NAPASTNIK Adam Buksa 13
74%
POMOCNIK Grzegorz Krychowiak 100
74%
POMOCNIK Nicola Zalewski 14
74%
NAPASTNIK Karol Świderski 28
73%
OBROŃCA Matty Cash 14
69%
OBROŃCA Bartosz Bereszyński 54
62%
POMOCNIK Przemysław Frankowski 38
62%
POMOCNIk Kamil Grosicki 93
60%
POMOCNIK Damian Szymański 17
58%
POMOCNIK Sebastian Szymański 30
58%
POMOCNIK Jakub Błaszczykowski 109
46%
POMOCNIK Karol Linetty 47
46%
POMOCNIK Jakub Kamiński 14
45%
POMOCNIK Jakub Piotrowski 3
45%
POMOCNIK Bartosz Slisz 6
44%
OBROŃCA Patryk Peda 3
37%
OBROŃCA Tomasz Kędziora 32
37%
OBROŃCA Bartosz Salamon 11
31%
POMOCNIK Michał Skóraś 7
29%
OBROŃCA Mateusz Wieteska 4
27%
POMOCNIK Paweł Wszołek 14
27%
POMOCNIk Krystian Bielik 11
24%
OBROŃCA Paweł Bochniewicz 3
24%
OBROŃCA Michał Karbownik 4
22%
POMOCNIK Patryk Dziczek 2
19%
POMOCNIK Filip Marchwiński 2
17%
OBROŃCA Robert Gumny 6
17%
POMOCNIK Karol Struski 1
14%
OBROŃCA Bartłomiej Wdowik 1
13%
Nie znaleziono quizów pasujących do podanych kryteriów
Rozkład punktacji
Procent ludzi z każdym wynikiem
Percentyl według liczby udzielonych odpowiedzi
Twoja historia wyników
Nie rozwiązałeś tego quizu od ostatniego zresetowania